|
|
|
|
| LEADER |
00790nam a2200217 a 4500 |
| 001 |
2897927 |
| 008 |
100125s1988 caua b 001 0 eng d |
| 010 |
|
|
|a 87081877
|
| 020 |
|
|
|a 015591474X
|
| 040 |
|
|
|a DLC
|c DLC
|d DLC
|d DB-DhAAL
|
| 082 |
0 |
0 |
|a 301
|2 19
|
| 100 |
1 |
|
|a Collins, Randall,
|d 1941-
|
| 245 |
1 |
0 |
|a Theoretical sociology /
|c Randall Collins.
|
| 260 |
|
|
|a San Diego :
|b Harcourt Brace Jovanovich,
|c c1988.
|
| 300 |
|
|
|a x, 565 p. :
|b ill. ;
|c 25 cm.
|
| 504 |
|
|
|a Includes bibliography: (p. [519]-543) and index.
|
| 541 |
1 |
|
|e 00009642
|
| 650 |
|
0 |
|a Sociology.
|
| 852 |
4 |
|
|a Ayesha Abed Library
|j General Shelf.
|
| 999 |
|
|
|c 7170
|d 7170
|
| 952 |
|
|
|0 0
|1 0
|2 ddc
|4 0
|6 301_COL_198800000000000
|7 0
|9 7457
|a BRACUL
|b BRACUL
|c GEN
|d 2010-01-25
|l 6
|m 14
|o 301 COL
|p 3010009642
|r 2024-10-02
|s 2024-09-02
|t 1
|w 2010-01-25
|y BK
|